Rekordösszegű kezdőlökést kapnak az alapítványhoz kerülő egyetemek a modellváltó felsőoktatási intézményekben megmaradnak az ingyenes hallgatói helyek is /

Elmentve itt :
Bibliográfiai részletek
Szerző: Csókás Adrienn
További közreműködők: Kallus György
Dokumentumtípus: Cikk
Megjelent: 2021-07-02
Sorozat:Magyar Nemzet 84 No. 151
Kulcsszavak:Szegedi Tudományegyetem - modellváltás - alapítványi egyetem - alapítványi fenntartás, Magyar felsőoktatás, Költségvetési támogatás
Online Access:http://univ.bibl.u-szeged.hu/59531
LEADER 01035nab a2200193 i 4500
001 univ59531
005 20210702101058.0
008 210702s2021 hu o 0|| hun d
040 |a SZTE UnivHistória Repozitórium  |b hun 
041 |a hun 
100 1 |a Csókás Adrienn 
245 1 0 |a Rekordösszegű kezdőlökést kapnak az alapítványhoz kerülő egyetemek   |h [elektronikus dokumentum] :  |b a modellváltó felsőoktatási intézményekben megmaradnak az ingyenes hallgatói helyek is /  |c  Csókás Adrienn 
260 |c 2021-07-02 
300 |a 6 
490 0 |a Magyar Nemzet  |v 84 No. 151 
561 |a Egyetemi hirarchívum 
695 |a Szegedi Tudományegyetem - modellváltás - alapítványi egyetem - alapítványi fenntartás, Magyar felsőoktatás, Költségvetési támogatás 
700 0 1 |a Kallus György 
856 4 0 |u http://univ.bibl.u-szeged.hu/59531/1/2021-07-02%2003_00_00_Magyar%20Nemzet_Rekord%C3%B6sszeg%C5%B1%20kezd%C5%91l%C3%B6k%C3%A9st%20kapnak%20az%20alap%C3%ADtv%C3%A1nyhoz%20ker%C3%BCl%C5%91%20egyetemek.pdf  |z Dokumentum-elérés